ARRUPE JESUIT UNIVERSITY

CORONAVIRUS -STOP THE SPREAD - CLEAN,DISINFECT,COVER

Exploring philosophy of religion : (Record no. 122874)

MARC details
000 -LEADER
fixed length control field 01884cam a2200325 a 4500
001 - CONTROL NUMBER
control field 15061791
003 - CONTROL NUMBER IDENTIFIER
control field ARRUPE
005 - DATE AND TIME OF LATEST TRANSACTION
control field 20150713115427.0
008 - FIXED-LENGTH DATA ELEMENTS--GENERAL INFORMATION
fixed length control field 071029s2009 nyu b 001 0 eng
010 ## - LIBRARY OF CONGRESS CONTROL NUMBER
LC control number 2007044608
020 ## - INTERNATIONAL STANDARD BOOK NUMBER
International Standard Book Number 9780195340853 (pbk. : alk. paper)
020 ## - INTERNATIONAL STANDARD BOOK NUMBER
International Standard Book Number 019534085X (pbk. : alk. paper)
035 ## - SYSTEM CONTROL NUMBER
System control number (OCoLC)ocn180753661
035 ## - SYSTEM CONTROL NUMBER
System control number (OCoLC)180753661
040 ## - CATALOGING SOURCE
Original cataloging agency DLC
Transcribing agency DLC
Modifying agency DLC
050 00 - LIBRARY OF CONGRESS CALL NUMBER
Classification number BL51
Item number .E97 2008
082 00 - DEWEY DECIMAL CLASSIFICATION NUMBER
Classification number 210
Edition number 22
300 ## - PHYSICAL DESCRIPTION
Dimensions 24 cm.
100 ## - MAIN ENTRY--PERSONAL NAME
Personal name Cahn, Steven M. (ed.)
9 (RLIN) 17960
245 00 - TITLE STATEMENT
Title Exploring philosophy of religion :
Remainder of title an introductory anthology /
Statement of responsibility, etc edited by Steven M. Cahn.
260 ## - PUBLICATION, DISTRIBUTION, ETC. (IMPRINT)
Place of publication, distribution, etc New York :
Name of publisher, distributor, etc Oxford University Press,
Date of publication, distribution, etc 2009.
300 ## - PHYSICAL DESCRIPTION
Extent viii, 375 p. ;
504 ## - BIBLIOGRAPHY, ETC. NOTE
Bibliography, etc Includes bibliographical references and index.
505 2# - FORMATTED CONTENTS NOTE
Formatted contents note The concept of God -- God and goodness / James Rachels -- God's omnipotence / George Mavrodes -- God's foreknowledge and free will / Augustine -- God's omniscience and contingent events / Levi Gersonides -- Does God know the future? / Steven M. Cahn -- Does God change? / William Hasker -- God and forgiveness / Anne C. Minas -- God and the concept of worship / James Rachels -- The existence of God -- The ontological argument / Anselm and Gaunilo -- The ontological argument : a restatement / René Descartes -- The ontological argument : a critique / Immanuel Kant -- The ontological argument : an assessment / John H. Hick -- The five ways / Thomas Aquinas -- The cosmological argument / Richard Taylor
650 #0 - SUBJECT ADDED ENTRY--TOPICAL TERM
Topical term or geographic name as entry element Religion
General subdivision Philosophy.
9 (RLIN) 17961
700 1# - ADDED ENTRY--PERSONAL NAME
Personal name Cahn, Steven M.
9 (RLIN) 17962
856 41 - ELECTRONIC LOCATION AND ACCESS
Materials specified Table of contents only
Uniform Resource Identifier <a href="http://www.loc.gov/catdir/toc/ecip083/2007044608.html">http://www.loc.gov/catdir/toc/ecip083/2007044608.html</a>
906 ## - LOCAL DATA ELEMENT F, LDF (RLIN)
a 7
b cbc
c orignew
d 1
e ecip
f 20
g y-gencatlg
942 ## - ADDED ENTRY ELEMENTS (KOHA)
Source of classification or shelving scheme Library of Congress Classification
Koha item type Monograph ( Printed materials)
Holdings
Withdrawn status Lost status Source of classification or shelving scheme Damaged status Not for loan Collection code Home library Current library Shelving location Date acquired Total Checkouts Full call number Barcode Date last seen Date checked out Price effective from Koha item type
    Library of Congress Classification     Main Collection ARRUPE LIBRARY ARRUPE LIBRARY Main Collection 13/07/2015 5 BL51.E97 2008 46500004554 25/10/2017 04/09/2017 13/07/2015 Monograph ( Printed materials)

 

Arrupe Library. PO Box MP320 Mt Pleasant, Harare, Zimbabwe
263 242 745411|librarian@aju.ac.zw